000 02380nam a2200337 a 4500
001 ebr10351552
003 CaPaEBR
006 m u
007 cr cn|||||||||
008 090116s2008 at s 001 0 eng
010 _z 2009367188
020 _z9780868408538 (pbk.)
040 _aCaPaEBR
_cCaPaEBR
035 _a(OCoLC)646875732
043 _au-at---
050 1 4 _aHV640.4.A78
_bO64 2008eb
082 0 4 _a362.870994
_222
100 1 _aO'Neill, Margot.
245 1 0 _aBlind conscience
_h[electronic resource] /
_cMargot O'Neill.
260 _aSydney :
_bNew South Wales,
_c2008.
300 _a286 p.
500 _aIncludes index.
520 _a"Mandatory detention of asylum-seekers has been a prominent public issue for almost a decade. It has provoked shame and anger across society, been manipulated politically by all sides and has prompted many to become actively involved in campaigns in support of asylum-seekers. The government's recent response to the crisis precipitated by the arrivial of the West Papuans and the widespread protest that followed show that the refugee crisis is not over. Nevertheless the prospects for incarcerated asylum-seekers have improved markedly since the intervention of Petro Georgeiou and other federal Liberal backbenchers. This shift and the time that has passed since the Tampa incident, children overboard and near saturation coverage of individual asylum-seekers provide the opportunity for some reflection. Margot O'Neill has covered many angles of the story herself, but writes now about the way Australian society at large was affected. She uses individuals - activists, psychiatrists, lawyers, politicians, prison guards - with direct experience to tell the broader story. This gives the book a strong narrative drive and a powerful emotional charge."--Provided by publisher.
533 _aElectronic reproduction.
_bPalo Alto, Calif. :
_cebrary,
_d2013.
_nAvailable via World Wide Web.
_nAccess may be limited to ebrary affiliated libraries.
650 0 _aRefugees
_xGovernment policy
_zAustralia.
650 0 _aRefugees
_xSocial aspects
_zAustralia.
650 0 _aRefugees
_zAustralia
_xPublic opinion.
655 7 _aElectronic books.
_2local
710 2 _aebrary, Inc.
856 4 0 _uhttp://site.ebrary.com/lib/rucke/Doc?id=10351552
_zAn electronic book accessible through the World Wide Web; click to view
999 _c45940
_d45940